All 10k+ Cities in Belgium - Statistics

General Stats
  • This quiz has been taken 144 times
  • The average score is 54 of 370
Answers on the Map
Answers color-coded by a green-red scale on the quiz's map according to % correct below.
 
Answer Stats
Provinces Population Answer % Correct
Liege 195,778 Liège
85%
Brussels 196,828 Bruxelles
84%
Oost-Vlaanderen 269,597 Gent
83%
West-Vlaanderen 119,869 Bruges
81%
West-Vlaanderen 72,586 Oostende
79%
Namur 114,142 Namur
74%
Hainaut 204,322 Charleroi
72%
Antwerp 544,759 Antwerpen
71%
Vlaams-Brabant 104,009 Leuven
63%
Limburg 67,877 Genk
62%
Hainaut 96,358 Mons
62%
Antwerp 89,313 Mechelen
59%
Limburg 80,828 Hasselt
55%
Brussels 126,581 Anderlecht
53%
West-Vlaanderen 80,032 Kortrijk
52%
West-Vlaanderen 35,550 Ieper
49%
Antwerp 38,534 Mol
47%
Oost-Vlaanderen 90,995 Aalst
45%
Luxembourg 31,310 Arlon
45%
West-Vlaanderen 11,021 De Panne
44%
Oost-Vlaanderen 81,863 Sint-Niklaas
44%
Hainaut 68,554 Tournai
44%
Brussels 130,405 Schaerbeek
42%
West-Vlaanderen 20,559 Blankenberge
41%
Antwerp 38,210 Lier
38%
Oost-Vlaanderen 50,838 Beveren
37%
Liege 20,093 Eupen
37%
West-Vlaanderen 32,514 Knokke-Heist
37%
West-Vlaanderen 66,262 Roeselare
36%
Luxembourg 16,921 Bastogne
35%
Namur 13,328 Dinant
35%
Hainaut 81,241 La Louvière
35%
Antwerp 47,305 Turnhout
35%
Antwerp 42,331 Geel
34%
Oost-Vlaanderen 43,554 Lokeren
34%
Brabant Wallon 30,596 Waterloo
34%
Hainaut 59,987 Mouscron
33%
West-Vlaanderen 12,718 De Haan
31%
Oost-Vlaanderen 47,185 Dendermonde
31%
Vlaams-Brabant 42,595 Halle
31%
Oost-Vlaanderen 32,702 Oudenaarde
31%
Liege 55,770 Verviers
31%
Vlaams-Brabant 47,445 Vilvoorde
30%
Brussels 49,293 Saint-Gilles
29%
Liege 64,266 Seraing
29%
Brabant Wallon 35,558 Wavre
29%
West-Vlaanderen 39,997 Waregem
28%
Limburg 40,219 Maasmechelen
27%
Vlaams-Brabant 31,138 Aarschot
26%
Antwerp 19,431 Boom
26%
Antwerp 38,470 Brasschaat
26%
West-Vlaanderen 21,546 Koksijde
26%
West-Vlaanderen 11,455 Nieuwpoort
26%
Oost-Vlaanderen 45,471 Deinze
24%
Brussels 89,278 Ixelles
24%
Vlaams-Brabant 36,676 Zaventem
24%
Hainaut 30,048 Ath
23%
Vlaams-Brabant 36,581 Tienen
23%
Brussels 86,806 Uccle
23%
West-Vlaanderen 11,207 Damme
22%
Oost-Vlaanderen 22,401 Eeklo
22%
Limburg 34,913 Lommel
22%
Liege 12,950 Malmedy
22%
Limburg 41,469 Sint-Truiden
22%
Limburg 32,138 Tongeren
22%
Luxembourg 11,506 Durbuy
21%
Limburg 11,338 Ham
21%
Antwerp 44,505 Heist-op-den-Berg
21%
Vlaams-Brabant 23,007 Herent
21%
Antwerp 34,641 Schoten
21%
Luxembourg 11,368 Virton
21%
Oost-Vlaanderen 29,787 Aalter
20%
Oost-Vlaanderen 21,056 Denderleeuw
20%
Oost-Vlaanderen 34,999 Geraardsbergen
20%
Antwerp 22,278 Hoogstraten
20%
Liege 21,706 Huy
20%
Limburg 25,823 Maaseik
20%
Oost-Vlaanderen 40,363 Ninove
20%
Limburg 16,585 Peer
20%
Oost-Vlaanderen 31,271 Temse
20%
Antwerp 25,625 Westerlo
20%
Limburg 48,353 Beringen
19%
Hainaut 33,651 Binche
19%
West-Vlaanderen 18,180 Bredene
19%
Vlaams-Brabant 24,971 Diest
19%
West-Vlaanderen 17,228 Diksmuide
19%
Vlaams-Brabant 44,878 Dilbeek
19%
Antwerp 18,062 Duffel
19%
Antwerp 19,630 Essen
19%
Antwerp 28,865 Herentals
19%
Antwerp 27,782 Kapellen
19%
Luxembourg 17,972 Marche-en-Famenne
19%
Brussels 98,365 Molenbeek-Saint-Jean
19%
Brabant Wallon 29,070 Nivelles
19%
Oost-Vlaanderen 27,356 Ronse
19%
West-Vlaanderen 12,542 Veurne
19%
Antwerp 30,610 Brecht
17%
Antwerp 21,693 Kontich
17%
Antwerp 26,588 Mortsel
17%
West-Vlaanderen 20,965 Torhout
17%
Oost-Vlaanderen 13,704 Zelzate
17%
Antwerp 19,580 Zwijndrecht
17%
Vlaams-Brabant 35,755 Asse
16%
Brussels 54,107 Jette
16%
Antwerp 19,672 Kalmthout
16%
West-Vlaanderen 19,921 Poperinge
16%
Antwerp 18,914 Putte
16%
Antwerp 15,536 Rumst
16%
Antwerp 13,370 Wommelgem
16%
Limburg 16,967 Bree
15%
Oost-Vlaanderen 19,110 Destelbergen
15%
Brussels 49,775 Etterbeek
15%
Oost-Vlaanderen 36,860 Evergem
15%
Limburg 26,366 Lanaken
15%
Oost-Vlaanderen 23,028 Lochristi
15%
Oost-Vlaanderen 24,744 Maldegem
15%
Oost-Vlaanderen 25,229 Merelbeke
15%
Vlaams-Brabant 25,970 Overijse
15%
Antwerp 20,319 Schilde
15%
Brabant Wallon 28,381 Tubize
15%
Oost-Vlaanderen 26,960 Wetteren
15%
Antwerp 10,580 Wijnegem
15%
Antwerp 28,248 Willebroek
15%
Oost-Vlaanderen 28,085 Zottegem
15%
Liege 28,989 Ans
14%
Brabant Wallon 40,461 Braine-l'Alleud
14%
Antwerp 23,009 Edegem
14%
Brussels 58,044 Forest
14%
Vlaams-Brabant 39,860 Grimbergen
14%
Antwerp 17,026 Lille
14%
West-Vlaanderen 20,627 Tielt
14%
Antwerp 13,391 Arendonk
13%
Brussels 35,350 Auderghem
13%
Antwerp 18,601 Beerse
13%
Limburg 32,782 Bilzen
13%
Oost-Vlaanderen 15,073 Brakel
13%
Namur 13,907 Couvin
13%
Brussels 45,234 Evere
13%
Oost-Vlaanderen 25,554 Hamme
13%
Liege 40,814 Herstal
13%
West-Vlaanderen 29,227 Izegem
13%
West-Vlaanderen 34,417 Menen
13%
West-Vlaanderen 19,855 Middelkerke
13%
Antwerp 19,776 Ranst
13%
Vlaams-Brabant 23,077 Tervuren
13%
West-Vlaanderen 31,884 Wevelgem
13%
Oost-Vlaanderen 16,095 Zulte
13%
Antwerp 15,454 Bonheiden
12%
Oost-Vlaanderen 11,091 De Pinte
12%
West-Vlaanderen 29,904 Harelbeke
12%
Brussels 22,648 Koekelberg
12%
Vlaams-Brabant 16,576 Machelen
12%
Antwerp 16,194 Malle
12%
Antwerp 14,828 Oud-Turnhout
12%
Limburg 34,433 Pelt
12%
Namur 28,615 Sambreville
12%
Oost-Vlaanderen 20,144 Sint-Gillis-Waas
12%
Antwerp 21,792 Sint-Katelijne-Waver
12%
Brussels 60,771 Woluwe-Saint-Lambert
12%
Oost-Vlaanderen 21,501 Zele
12%
Antwerp 22,557 Zoersel
12%
West-Vlaanderen 16,259 Beernem
10%
Antwerp 13,831 Boechout
10%
Hainaut 16,567 Dour
10%
Oost-Vlaanderen 13,311 Gavere
10%
Antwerp 11,607 Grobbendonk
10%
Antwerp 12,396 Hemiksem
10%
Limburg 30,896 Houthalen-Helchteren
10%
Vlaams-Brabant 19,404 Londerzeel
10%
Oost-Vlaanderen 11,981 Melle
10%
Antwerp 23,707 Nijlen
10%
Antwerp 12,824 Olen
10%
Vlaams-Brabant 11,474 Oud-Heverlee
10%
Hainaut 17,318 Péruwelz
10%
Hainaut 29,032 Soignies
10%
Antwerp 18,826 Stabroek
10%
Oost-Vlaanderen 19,589 Stekene
10%
Limburg 19,011 Tessenderlo
10%
Vlaams-Brabant 15,417 Tremelo
10%
Brussels 25,295 Watermael-Boitsfort
10%
Brussels 42,571 Woluwe-Saint-Pierre
10%
Vlaams-Brabant 23,401 Zemst
10%
Namur 28,187 Andenne
9%
West-Vlaanderen 10,406 Avelgem
9%
Antwerp 12,061 Berlaar
9%
Antwerp 22,076 Bornem
9%
Hainaut 23,443 Braine-le-Comte
9%
Hainaut 31,337 Courcelles
9%
Oost-Vlaanderen 21,013 Erpe-Mere
9%
Hainaut 22,915 Fleurus
9%
Brussels 25,564 Ganshoren
9%
West-Vlaanderen 12,244 Gistel
9%
Limburg 12,841 Herk-de-Stad
9%
Antwerp 14,838 Herselt
9%
West-Vlaanderen 12,815 Kortemark
9%
Oost-Vlaanderen 17,072 Kruibeke
9%
Oost-Vlaanderen 12,305 Nazareth
9%
West-Vlaanderen 24,275 Oostkamp
9%
Oost-Vlaanderen 11,296 Waasmunster
9%
West-Vlaanderen 19,209 Wervik
9%
Antwerp 21,794 Wuustwezel
9%
Limburg 21,845 Zonhoven
9%
Limburg 11,918 Alken
8%
West-Vlaanderen 15,148 Anzegem
8%
Antwerp 23,523 Balen
8%
Vlaams-Brabant 26,505 Beersel
8%
Oost-Vlaanderen 15,486 Berlare
8%
Limburg 13,753 Bocholt
8%
Antwerp 11,379 Borsbeek
8%
Hainaut 35,595 Châtelet
8%
Liege 20,600 Chaudfontaine
8%
Namur 26,496 Gembloux
8%
Vlaams-Brabant 15,516 Haacht
8%
Limburg 35,017 Heusden-Zolder
8%
Vlaams-Brabant 11,636 Hoeilaart
8%
West-Vlaanderen 11,537 Ingelmunster
8%
West-Vlaanderen 14,832 Jabbeke
8%
Vlaams-Brabant 12,528 Kampenhout
8%
Antwerp 19,648 Kasterlee
8%
Vlaams-Brabant 13,298 Keerbergen
8%
Limburg 12,406 Kinrooi
8%
Vlaams-Brabant 16,390 Landen
8%
Hainaut 18,735 Lessines
8%
Antwerp 10,396 Meerhout
8%
Vlaams-Brabant 18,029 Merchtem
8%
Antwerp 10,966 Niel
8%
Oost-Vlaanderen 14,062 Oosterzele
8%
Antwerp 26,957 Puurs-Sint-Amands
8%
Antwerp 11,867 Retie
8%
Antwerp 12,561 Rijkevorsel
8%
Namur 12,716 Rochefort
8%
Vlaams-Brabant 16,578 Ternat
8%
Hainaut 14,871 Thuin
8%
Liege 18,154 Visé
8%
Antwerp 13,445 Zandhoven
8%
Antwerp 14,890 Aartselaar
7%
Vlaams-Brabant 13,651 Affligem
7%
Brussels 25,787 Berchem-Sainte-Agathe
7%
Vlaams-Brabant 10,534 Bierbeek
7%
Vlaams-Brabant 13,348 Boortmeerbeek
7%
Namur 17,183 Ciney
7%
Limburg 19,607 Diepenbeek
7%
Limburg 14,507 Hamont-Achel
7%
Liege 17,134 Hannut
7%
Limburg 10,080 Hoeselt
7%
West-Vlaanderen 14,516 Ichtegem
7%
Vlaams-Brabant 21,165 Kortenberg
7%
Vlaams-Brabant 13,962 Kraainem
7%
West-Vlaanderen 14,145 Kuurne
7%
Oost-Vlaanderen 12,532 Laarne
7%
Oost-Vlaanderen 19,310 Lede
7%
Limburg 16,607 Leopoldsburg
7%
Limburg 15,320 Lummen
7%
Vlaams-Brabant 20,299 Meise
7%
Brabant Wallon 31,648 Ottignies-Louvain-la-Neuve
7%
Limburg 16,896 Riemst
7%
Liege 24,491 Saint-Nicolas
7%
Vlaams-Brabant 24,001 Scherpenheuvel-Zichem
7%
Vlaams-Brabant 11,604 Tielt-Winge
7%
Antwerp 11,801 Vosselaar
7%
Vlaams-Brabant 14,742 Wezembeek-Oppem
7%
West-Vlaanderen 25,785 Zwevegem
7%
Oost-Vlaanderen 14,650 Assenede
6%
Vlaams-Brabant 10,615 Begijnendijk
6%
Hainaut 20,283 Boussu
6%
West-Vlaanderen 12,670 Deerlijk
6%
Oost-Vlaanderen 19,402 Haaltert
6%
Antwerp 10,594 Hulshout
6%
Brabant Wallon 14,899 Jodoigne
6%
Antwerp 16,753 Laakdal
6%
Hainaut 24,108 Manage
6%
Limburg 23,875 Oudsbergen
6%
Antwerp 15,514 Ravels
6%
Brabant Wallon 23,096 Rixensart
6%
Hainaut 23,743 Saint-Ghislain
6%
Brussels 26,895 Saint-Josse-ten-Noode
6%
Liege 10,071 Sankt Vith
6%
Vlaams-Brabant 18,693 Sint-Genesius-Rode
6%
Vlaams-Brabant 36,525 Sint-Pieters-Leeuw
6%
Vlaams-Brabant 12,663 Steenokkerzeel
6%
Liege 15,489 Waremme
6%
Oost-Vlaanderen 12,032 Wichelen
6%
West-Vlaanderen 15,161 Wingene
6%
West-Vlaanderen 12,705 Zonnebeke
6%
Hainaut 12,809 Anderlues
5%
Liege 12,880 Aywaille
5%
Vlaams-Brabant 10,242 Bertem
5%
Limburg 11,580 Borgloon
5%
Oost-Vlaanderen 14,957 Buggenhout
5%
Limburg 21,346 Dilsen-Stokkem
5%
Hainaut 14,509 Enghien
5%
Liege 16,380 Fléron
5%
Brabant Wallon 16,068 Genappe
5%
Limburg 12,965 Hechtel-Eksel
5%
Oost-Vlaanderen 18,928 Herzele
5%
Oost-Vlaanderen 15,961 Kruisem
5%
Oost-Vlaanderen 20,059 Lebbeke
5%
Hainaut 14,201 Leuze-en-Hainaut
5%
Vlaams-Brabant 14,013 Liedekerke
5%
Oost-Vlaanderen 27,225 Lievegem
5%
Vlaams-Brabant 15,124 Lubbeek
5%
West-Vlaanderen 11,473 Moorslede
5%
Liege 25,743 Oupeye
5%
Hainaut 18,959 Quaregnon
5%
Vlaams-Brabant 17,672 Rotselaar
5%
Hainaut 11,624 Seneffe
5%
Oost-Vlaanderen 10,687 Sint-Lievens-Houtem
5%
Liege 15,141 Sprimont
5%
West-Vlaanderen 11,677 Staden
5%
Liege 10,464 Welkenraedt
5%
Liege 14,531 Amay
3%
Hainaut 14,244 Belœil
3%
Hainaut 14,839 Chapelle-lez-Herlaimont
3%
Hainaut 18,391 Comines-Warneton
3%
Hainaut 11,572 Écaussinnes
3%
Hainaut 10,039 Erquelinnes
3%
Liege 27,002 Flémalle
3%
Namur 11,378 Florennes
3%
Hainaut 12,134 Frasnes-lez-Anvaing
3%
Liege 23,261 Grâce-Hollogne
3%
Liege 17,850 Herve
3%
West-Vlaanderen 10,235 Hooglede
3%
West-Vlaanderen 10,464 Houthulst
3%
Vlaams-Brabant 10,083 Huldenberg
3%
Namur 19,225 Jemeppe-sur-Sambre
3%
Luxembourg 11,972 Libramont-Chevigny
3%
West-Vlaanderen 11,123 Meulebeke
3%
Hainaut 10,141 Montigny-le-Tilleul
3%
Liege 10,771 Plombières
3%
Hainaut 17,650 Pont-à-Celles
3%
Namur 12,318 Profondeville
3%
Brabant Wallon 11,133 Rebecq
3%
Brabant Wallon 11,114 Villers-la-Ville
3%
Vlaams-Brabant 18,179 Wemmel
3%
West-Vlaanderen 10,138 Wielsbeke
3%
West-Vlaanderen 23,460 Zedelgem
3%
Luxembourg 17,845 Aubange
2%
Liege 13,482 Blegny
2%
Brabant Wallon 10,646 Braine-le-Château
2%
Brabant Wallon 10,854 Court-Saint-Étienne
2%
Liege 15,260 Dison
2%
Namur 16,866 Éghezée
2%
Liege 12,827 Esneux
2%
Hainaut 10,748 Estaimpuis
2%
Hainaut 13,825 Ham-sur-Heure-Nalinnes
2%
Vlaams-Brabant 10,207 Holsbeek
2%
Liege 11,352 Kelmis
2%
Brabant Wallon 14,198 Lasne
2%
Hainaut 19,172 Morlanwelz
2%
Vlaams-Brabant 14,866 Opwijk
2%
Vlaams-Brabant 11,958 Roosdaal
2%
Liege 17,351 Soumagne
2%
Liege 12,052 Theux
2%
Namur 18,465 Walcourt
2%
Liege 14,010 Wanze
2%
Hainaut 10,978 Aiseau-Presles
1%
Hainaut 11,878 Bernissart
1%
Liege 12,018 Beyne-Heusay
1%
Brabant Wallon 11,818 Chaumont-Gistoux
1%
Hainaut 20,745 Colfontaine
1%
Hainaut 11,394 Farciennes
1%
Hainaut 18,122 Fontaine-l'Évêque
1%
Hainaut 12,863 Gerpinnes
1%
Brabant Wallon 14,064 Grez-Doiceau
1%
Hainaut 10,868 Jurbise
1%
Namur 13,529 Mettet
1%
Liege 10,010 Neupré
1%
Namur 10,418 Fosses-la-Ville
0%
Hainaut 21,671 Frameries
0%
Liege 11,136 Raeren
0%
No matching quizzes found
Score Distribution
Percent of People with Each Score
Percentile by Number Answered
Your Score History
You have not taken this quiz